000 00702nam a2200289Ia 4500
005 20260324135612.0
008 008 260324s9999 xx 000 0 eng d
020 _a9780203950685
037 _aEBOOK
040 _aCRL
040 _beng
040 _cCRL
041 _2eng
041 _aeng
084 _qCRL
100 _aRickie Solinger; Rickie Solinger
_91201202
245 0 _aWake Up Little Susie
245 0 _bSingle Pregnancy and Race Before Roe v. Wade
260 _bTaylor and Francis
260 _c2000
365 _a
365 _b230
856 _uhttp://www.taylorfrancis.com/books/9780203950685
942 _cEBOOK
999 _c1802463
_d1802463